000
00198 a2200097 4500
001
78025
082
_a
940.5421
_b
RYA
090
_c
39350
_d
39350
100
_a
Ryan, C
245
_a
A Bridge too Far
942
_a
CAENUST
_k
940.5421 RYA
999
_c
313098
_d
313098